Diccionario técnico de arquitectura / (Record no. 186593)

MARC details
000 -LEADER
campo de control de longitud fija 00722nam a2200241 i 4500
001 - NÚMERO DE CONTROL
campo de control 186593
003 - IDENTIFICADOR DE NÚMERO DE CONTROL
campo de control SpMaBN
005 - FECHA Y HORA DE LA ÚLTIMA TRANSACCIÓN
campo de control 20230906222712.0
008 - DATOS DE LONGITUD FIJA--INFORMACIÓN GENERAL
campo de control de longitud fija 161202s1994 sp |||| |dspa d
020 ## - NÚMERO INTERNACIONAL ESTÁNDAR DEL LIBRO
Número Internacional Estándar del Libro 84-8135-035-4
080 ## - NÚMERO DE LA CLASIFICACIÓN DECIMAL UNIVERSAL
Número de la Clasificación Decimal Universal 72(038)
100 1# - ENTRADA PRINCIPAL--NOMBRE DE PERSONA
Nombre de persona Madariaga, Luis de.
9 (RLIN) 75289
245 10 - MENCIÓN DEL TÍTULO
Título Diccionario técnico de arquitectura /
Mención de responsabilidad, etc. por Luis de Madariaga.
246 14 - FORMA VARIANTE DEL TITULO
Título propio/Titulo breve Diccionario de arquitectura
250 ## - MENCION DE EDICION
Mención de edición Ed. 1994.
260 ## - PUBLICACIÓN, DISTRIBUCIÓN, ETC.
Lugar de publicación, distribución, etc. Barcelona :
Nombre del editor, distribuidor, etc. Royal Books,
Fecha de publicación, distribución, etc. 1994.
300 ## - DESCRIPCIÓN FÍSICA
Extensión [4], 194 p. ;
Dimensiones 22 cm.
490 1# - MENCIÓN DE SERIE
Mención de serie Diccionarios Royal Books
650 #7 - PUNTO DE ACCESO ADICIONAL DE MATERIA--TÉRMINO DE MATERIA
Término de materia o nombre geográfico como elemento de entrada Arquitectura-
Subdivisión de forma Diccionarios.
9 (RLIN) 155690
830 0# - PUNTO DE ACCESO ADICIONAL DE SERIE-TÍTULO UNIFORME
Título uniforme Diccionarios Royal Books
9 (RLIN) 192584
852 ## - LOCALIZACIÓN
Ubicación ES-MaACL
Número de control de estantería L-30978
Holdings
Estatus retirado Estado de pérdida Estado de daño No para préstamo Colección Biblioteca de origen Biblioteca actual Ubicación en estantería Fecha de adquisición Fuente de adquisición Total de préstamos Signatura topográfica completa Código de barras Visto por última vez Precio de reemplazo Tipo de ítem Koha
        Colección de referencia Biblioteca del Ateneo de Madrid Biblioteca del Ateneo de Madrid Depósito 2 02/12/2016     L-30978 1196772 23/02/2023 23/02/2023 Libro impreso